Ten Types of Innovation : The Discipline of Building Breakthroughs /
Spremljeno u:
| Daljnji autori: | |
|---|---|
| Format: | Knjiga |
| Jezik: | engleski |
| Izdano: |
Hoboken, EUA :
Wiley,
2013, c2013
Birmingham, EUA : EBSCOhost [distribución], 2013 |
| Teme: | |
| Online pristup: | Ver documento en línea |
| Oznake: |
MARC
| LEADER | 00000nam^a2200000^a^4500 | ||
|---|---|---|---|
| 001 | 000359910 | ||
| 005 | 20251023000000.0 | ||
| 009 | 20260310115408.864 | ||
| 020 | |a 978-1-118-57141-5 | ||
| 037 | |a Acervo ITESO - Biblioteca | ||
| 041 | |a ING | ||
| 082 | |a 658. 4063 |b TEN | ||
| 245 | 0 | 0 | |a Ten Types of Innovation : |b The Discipline of Building Breakthroughs / |c L. Keeley... [et al.]. |
| 264 | 4 | |a Hoboken, EUA : |b Wiley, |c 2013, c2013 | |
| 264 | 4 | |a Birmingham, EUA : |b EBSCOhost [distribución], |c 2013 | |
| 300 | |a 1 libro electrónico en línea (257 p.) | ||
| 336 | |a datos para computadora |b cod |2 rdacontenido | ||
| 337 | |a computadora |b c |2 rdamedio | ||
| 338 | |a recurso en línea |b cr |2 rdasoporte | ||
| 506 | 0 | |a Licencias ilimitadas | |
| 649 | |a XX | ||
| 650 | |a Innovación Administrativa - |x Tema Principal | ||
| 650 | |a Cambio Organizacional | ||
| 650 | |a Creatividad en los Negocios | ||
| 650 | |a Estrategia en los Negocios | ||
| 650 | |a Planeación Estratégica | ||
| 650 | |a Proceso Administrativo - |x Dirección | ||
| 650 | |a Administración | ||
| 650 | |a Ciencias Administrativas | ||
| 700 | |a Keeley, Larry |e (autor) | ||
| 856 | 4 | 0 | |u https://ezproxy.iteso.mx/login?url=https://search.ebscohost.com/login.aspx?direct=true&scope=site&db=nlebk&db=nlabk&AN=571813 |y Ver documento en línea |
| 910 | |a Fondo General | ||
| 920 | |a Electrónicos - Libros en Línea | ||
| 930 | |a Plataforma Digital | ||
| 905 | |a 205 | ||
| 901 | |a 359910-1 |b IT2 |c EBO |i C886 |u 20250521 | ||
| 902 | |a https://opac.biblio.iteso.mx/vufind/Record/000359910 | ||